<?xml version="1.0" encoding="UTF-8"?>
<record
    xmlns:xsi="http://www.w3.org/2001/XMLSchema-instance"
    xsi:schemaLocation="http://www.loc.gov/MARC21/slim http://www.loc.gov/standards/marcxml/schema/MARC21slim.xsd"
    xmlns="http://www.loc.gov/MARC21/slim">

  <leader>00869nam a2200205Ia 4500</leader>
  <datafield tag="952" ind1=" " ind2=" ">
    <subfield code="0">0</subfield>
    <subfield code="1">0</subfield>
    <subfield code="4">0</subfield>
    <subfield code="7">0</subfield>
    <subfield code="a">15</subfield>
    <subfield code="b">15</subfield>
    <subfield code="d">2010-06-02</subfield>
    <subfield code="l">0</subfield>
    <subfield code="o">001.64 S388D</subfield>
    <subfield code="p">15 004156</subfield>
    <subfield code="r">2017-12-07</subfield>
    <subfield code="t">1</subfield>
    <subfield code="w">2012-06-28</subfield>
    <subfield code="y">LB</subfield>
  </datafield>
  <datafield tag="952" ind1=" " ind2=" ">
    <subfield code="0">0</subfield>
    <subfield code="1">0</subfield>
    <subfield code="4">0</subfield>
    <subfield code="7">0</subfield>
    <subfield code="a">03</subfield>
    <subfield code="b">03</subfield>
    <subfield code="d">2014-09-25</subfield>
    <subfield code="l">0</subfield>
    <subfield code="o"> TK5105 S394 2009</subfield>
    <subfield code="p">03 007150</subfield>
    <subfield code="r">2014-09-25</subfield>
    <subfield code="t">1</subfield>
    <subfield code="w">2014-09-25</subfield>
    <subfield code="y">LB</subfield>
  </datafield>
  <datafield tag="999" ind1=" " ind2=" ">
    <subfield code="c">77097</subfield>
    <subfield code="d">77097</subfield>
  </datafield>
  <controlfield tag="008">120629s2009    mx a          000 0 spa d</controlfield>
  <datafield tag="020" ind1=" " ind2=" ">
    <subfield code="a">9786077686156</subfield>
  </datafield>
  <datafield tag="050" ind1=" " ind2=" ">
    <subfield code="a">TK5105</subfield>
    <subfield code="b">S394 2009</subfield>
  </datafield>
  <datafield tag="082" ind1=" " ind2=" ">
    <subfield code="a">001.64 </subfield>
    <subfield code="b">S388d</subfield>
  </datafield>
  <datafield tag="100" ind1=" " ind2=" ">
    <subfield code="a">Schulz, Ralph G.</subfield>
    <subfield code="e">autor</subfield>
  </datafield>
  <datafield tag="245" ind1=" " ind2=" ">
    <subfield code="a">Dise&#xF1;o Web con CSS</subfield>
    <subfield code="c"> / Ralph G. Schulz</subfield>
  </datafield>
  <datafield tag="260" ind1=" " ind2=" ">
    <subfield code="a">M&#xE9;xico </subfield>
    <subfield code="b"> : Alfaomega Mracombo</subfield>
    <subfield code="c">, 2009</subfield>
  </datafield>
  <datafield tag="300" ind1=" " ind2=" ">
    <subfield code="a">xiv, 304 p&#xE1;ginas </subfield>
    <subfield code="b"> : ilustraciones</subfield>
  </datafield>
  <datafield tag="505" ind1=" " ind2=" ">
    <subfield code="a">&#xBF;Por qu&#xE9; CSS?
Fundamentos CSS
Conceptos CSS para cuadros y sus propieedades
Construcci&#xF3;n de p&#xE1;ginas WEB
M&#xE1;s trabajo con los navegadores
Dise&#xF1;o de p&#xE1;ginas
Elementos de p&#xE1;gina
(No solo) generealidades
Propiedades CSS</subfield>
  </datafield>
  <datafield tag="519" ind1=" " ind2=" ">
    <subfield code="a">Plan Flexible /
</subfield>
    <subfield code="b">Derecho Gr&#xE1;fico / </subfield>
    <subfield code="c">Proyecto de Internet (P07-2) /</subfield>
    <subfield code="d">(03 007150) </subfield>
  </datafield>
  <datafield tag="650" ind1="1" ind2="0">
    <subfield code="a">CSS</subfield>
  </datafield>
  <datafield tag="650" ind1="2" ind2="0">
    <subfield code="a">HOJAS DE ESTILO EN CASCADA</subfield>
  </datafield>
  <datafield tag="650" ind1="3" ind2="0">
    <subfield code="a">DISE&#xD1;O DE P&#xC1;GINAS WEB</subfield>
  </datafield>
  <datafield tag="942" ind1=" " ind2=" ">
    <subfield code="c">LB</subfield>
  </datafield>
</record>
